00570nam a2200193Ia 450000500170000000800410001702000320005804000190009004100120010908200150012110000150013624500650015126000280021630000150024444000220025950400500028165000350033185000100036620230630111153.0131103s9999 xx 000 0 und d a049102399 5 (pbk)c2.50 pds aLoreto College aEnglish a942.5bKIN aKing,Peter aTwentieth century British Historyb made simple cPeter King aLondonbW.H.Allenc1980 axv,399 p.  aMade Simple Books aIncludes bibliographical references and index aEngland - History,20th Century aLCLIB